Meneghello. Pediatría. (Registro nro. 2065)

Detalles MARC
000 -LEADER
fixed length control field 01604nam a2200421 a 4500
008 - CAMPO DE CONTROL (LIBRO)
fixed length control field 131120s2013 Ag ||||| |||| 00| 0 spa d
020 ## - INTERNATIONAL STANDARD BOOK NUMBER
ISBN 9789500618885
041 ## - CODIGO DE IDIOMA
Código de idioma del texto/pista de sonido o título separado spa
092 ## - SIGNATURA TOPOGRAFICA DEWEY LOCAL
número de clasificación 618.92
libristica 51
sección MEN
245 ## - TITULO PROPIAMENTE DICHO
Título Meneghello. Pediatría.
Subtítulo y Título paralelo T.2 /
Mención de responsabilidad y remanente de la transcripción de la portada Enrique París Mancilla
250 ## - MENCION DE EDICION
Mención de edición 2a ed.
260 ## - PIE DE IMPRENTA
Lugar de publicación, distribución, etc Buenos Aires:
Nombre de la editorial, distribuidor, etc Editorial Médica Panamericana;
Fecha de publicación 2013.
300 ## - DESCRIPCION FISICA
Extension 1386-2830 p.
500 ## - NOTA GENERAL
Nota general París Mancilla, E. et al. (2013). Meneghello. Pediatría. T.2 (2a ed.). Buenos Aires : Editorial Médica Panamericana.
653 ## - TÉRMINO INDIZADO - PALABRAS CLAVES
Palabra clave Enfermedades del aparato digestivo
653 ## - TÉRMINO INDIZADO - PALABRAS CLAVES
Palabra clave Enfermedades del aparato urinario
653 ## - TÉRMINO INDIZADO - PALABRAS CLAVES
Palabra clave Enfermedades de la sangre
653 ## - TÉRMINO INDIZADO - PALABRAS CLAVES
Palabra clave Oncologia
653 ## - TÉRMINO INDIZADO - PALABRAS CLAVES
Palabra clave Enfermedades del sistema endocrino
653 ## - TÉRMINO INDIZADO - PALABRAS CLAVES
Palabra clave Fundamentos de genetica clinica en pediatria
653 ## - TÉRMINO INDIZADO - PALABRAS CLAVES
Palabra clave Enfermedades metabolicas
653 ## - TÉRMINO INDIZADO - PALABRAS CLAVES
Palabra clave Enfermedades del sistema nervioso
653 ## - TÉRMINO INDIZADO - PALABRAS CLAVES
Palabra clave Salud mental y problemas psicosociales y psiquiatricos
653 ## - TÉRMINO INDIZADO - PALABRAS CLAVES
Palabra clave Oftalmologia pediatrica
653 ## - TÉRMINO INDIZADO - PALABRAS CLAVES
Palabra clave Enfermedades de la piel
653 ## - TÉRMINO INDIZADO - PALABRAS CLAVES
Palabra clave Problemas quirurgicos
653 ## - TÉRMINO INDIZADO - PALABRAS CLAVES
Palabra clave Problemas ortopedicos frecuentes
653 ## - TÉRMINO INDIZADO - PALABRAS CLAVES
Palabra clave Rahabilitacion de enfermedades invalidantes de la infancia
653 ## - TÉRMINO INDIZADO - PALABRAS CLAVES
Palabra clave Enfermedades no clasificadas
653 ## - TÉRMINO INDIZADO - PALABRAS CLAVES
Palabra clave Perspectivas futuras
700 1# - ENTRADAS SECUNDARIAS - NOMBRE PERSONAL
Nombre personal París Mancilla, Enrique
9 (RLIN) 2845
700 1# - ENTRADAS SECUNDARIAS - NOMBRE PERSONAL
Nombre personal Sánchez D., Ignacio
9 (RLIN) 2846
700 1# - ENTRADAS SECUNDARIAS - NOMBRE PERSONAL
Nombre personal Beltramino, Daniel
9 (RLIN) 2847
700 1# - ENTRADAS SECUNDARIAS - NOMBRE PERSONAL
Nombre personal Copto García, Alfonso
9 (RLIN) 2848
700 1# - ENTRADAS SECUNDARIAS - NOMBRE PERSONAL
Nombre personal Barreda M., Pedro
Función Coord. general
9 (RLIN) 2851
700 1# - ENTRADAS SECUNDARIAS - NOMBRE PERSONAL
Nombre personal Grau Martínez, Arturo
Función Coord. general
9 (RLIN) 2852
942 ## - ADDED ENTRY ELEMENTS (KOHA)
Source of classification or shelving scheme Dewey Decimal Classification
Item type Libros
Existencias
Estado de retiro Existencia Fuente de clasificación Estado general No para prestamo Colección Ubicación permanente ubicación actual Sala de ubicación Fecha de adquisición Fuente de adquisición Costo, precio normal de compra Total Checkouts Total Renewals Número de clasificación Código de barras Date last seen Date last borrowed Número de ejemplar Price effective from Koha tipo de elemento (item) Public note
    Dewey Decimal Classification     Non-fiction Biblioteca Medicina Biblioteca Medicina Circulación 20/11/2013 PROMED 890.00 26 5 618.92 51 MEN 3175 14/08/2024 28/06/2024 Ej. 4 20/11/2013 Libros PROMED 3er Año
    Dewey Decimal Classification     Non-fiction Biblioteca Medicina Biblioteca Medicina Circulación 20/11/2013 PROMED 890.00 18 2 618.92 51 MEN 3176 04/04/2019 03/04/2019 Ej. 5 20/11/2013 Libros PROMED 3er Año

UNIVERSIDAD NACIONAL DEL COMAHUE
Biblioteca de la Facultad de Ciencias Médicas
Sede Toschi: Los Arrayanes y Av. Toschi, Cipolletti  - Rio Negro
Sede Los Tordos:  Yrigoyen al 2211, Cipolletti - Rio Negro 

Teléfono: 0299 - 4774707 int 25
Contacto: biblioteca@facimed.uncoma.edu.ar
© 2011 - 2026